000 00533nam a22001937a 4500
003 NUST - PNEC
005 20170116180750.0
008 150310b xxu||||| |||| 00| 0 eng d
020 _a9781586486839
040 _cLIBRARY
082 _a 332.0973 SOR
100 _91695
_aSoros, George
245 _aThe new paradigm for financial markets
_cSoros, George
250 _a.
260 _aNew York
_bPublic Affairs
_cC 2008
300 _a162 . :
650 _91696
_aThe new paradigm for financial markets
_xHisrty
942 _2ddc
_cBK
999 _c62541
_d62541